Most Irreligious Protestant Countries - Statistics

General Stats
  • This quiz has been taken 77 times
  • The average score is 8 of 9
Answer Stats
Percentage that practice their faith Countries % Correct
5% Norway
95%
5% Sweden
95%
11% United Kingdom (UK)
95%
3% Denmark
91%
16% Netherlands
91%
13% Germany
86%
10% Iceland
86%
2% Estonia
75%
8% Latvia
75%
No matching quizzes found
Score Distribution
Percent of People with Each Score
Percentile by Number Answered
Your Score History
You have not taken this quiz